00563nam a2200169Ia 4500008004100000020001500041041001200056082001600068100001700084245005300101260003600154300000800190650001400198942000700212999001500219952015900234221030s9999 xx 000 0 und d a8125907661 aEnglish a105.23bGil aY. R. Sharma 0aElementary Organic Spectroscopycby Y. R. Sharma bS. Chand & Co.aNew Delhic2000 a606 aChemistry cBK c6371d6371 pBE 893g135.00l0o105.23 Gilr2024-06-13 00:00:00w2022-10-30yBK003Print4070aMIETLIBbMIETLIBcBL-First, FL-1, CUP-88, SH-3, R-3d2000-02-0210HBE